Quản lý đổi mới hình thức tổ chức dạy học môn ngữ văn theo định hướng phát triển năng lực người học ở các trường THPT tỉnh Trà Vinh /

Nghiên cứu cơ sở lý luận về QL đổi mới hình thức tổ chức dạy học ở các trường THPT. Điều tra và đánh giá thực trạng QL đổi mới hình thức tổ chức dạy học môn Ngữ văn theo định hướng phát triển năng lực HS ở các trường THPT tỉnh Trà Vinh. Đề xuất các biện pháp quản lý hoạt động đổi mới hình thức tổ ch...

Celý popis

Uloženo v:
Podrobná bibliografie
Hlavní autor: Nguyễn Văn Hiếu
Další autoři: Nguyễn Bảo Hoàng Thanh PGS.TS. (Hướng dẫn)
Médium: Kniha
Jazyk:Vietnamese
Vydáno: Đà Nẵng : Đại học Đà Nẵng, 2016.
Témata:
Tagy: Přidat tag
Žádné tagy, Buďte první, kdo otaguje tento záznam!
Thư viện lưu trữ: Mạng thư viện Đại học Đà Nẵng
LEADER 02364nam a2200385 4500
001 000024574
003 21062
005 20180912103555.0
008 161214s2016 viesd
041 |a vie 
082 1 4 |a 373.1396  |b NG-H 
100 1 |a Nguyễn Văn Hiếu 
245 1 0 |a Quản lý đổi mới hình thức tổ chức dạy học môn ngữ văn theo định hướng phát triển năng lực người học ở các trường THPT tỉnh Trà Vinh /  |c Nguyễn Văn Hiếu ; Nguyễn Bảo Hoàng Thanh hướng dẫn  |k Luận văn tốt nghiệp 
246 |a Quản lý đổi mới hình thức tổ chức dạy học môn ngữ văn theo định hướng phát triển năng lực người học ở các trường trung học phổ thông tỉnh Trà Vinh 
260 |a Đà Nẵng :  |b Đại học Đà Nẵng,  |c 2016. 
300 |a 108 tr. ; phụ lục 9 tr. ;  |c 29 cm.  |e Tóm tắt 
500 |a Luận văn Thạc sĩ. Chuyên ngành : Giáo dục học. Mã số: 60 14 01 14 
520 3 |a Nghiên cứu cơ sở lý luận về QL đổi mới hình thức tổ chức dạy học ở các trường THPT. Điều tra và đánh giá thực trạng QL đổi mới hình thức tổ chức dạy học môn Ngữ văn theo định hướng phát triển năng lực HS ở các trường THPT tỉnh Trà Vinh. Đề xuất các biện pháp quản lý hoạt động đổi mới hình thức tổ chức dạy học môn Ngữ văn theo định hướng phát triển năng lực HS. 
650 0 4 |a Giáo dục trung học  |v Luận văn thạc sĩ  |x Phương pháp giảng dạy  |z Trà Vinh 
653 |a Quản lý giáo dục 
653 |a Phát triển năng lực 
653 |a Quản lý giáo dục trung học 
653 |a Đổi mới dạy học 
653 |a Ngữ văn 
700 1 |a Nguyễn Bảo Hoàng Thanh  |c PGS.TS.  |e Hướng dẫn 
OWN |a LSP 
AVA |a UDN50  |b LSP  |d 373.1396 NG-H  |e available  |t Error 5001 Not defined in file expand_doc_bib_avail.  |f 1  |g 0  |h N  |i 0  |k 1 
999 |a From the UDN01 
AVA |a UDN50  |b LSP  |d 373.1396 NG-H  |e available  |t Error 5001 Not defined in file expand_doc_bib_avail.  |f 1  |g 0  |h N  |i 0  |k 1 
TYP |a Monograph 
TYP |a Printed language 
980 |a Mạng thư viện Đại học Đà Nẵng